El trabajo en equipo del profesorado

Guardat en:
Dades bibliogràfiques
Autor principal: Bonals, Joan (Autor)
Format: Llibre
Idioma:espanyol
Publicat: Barcelona Grao 1996
Col·lecció:Colección Biblioteca de Aula, 101. Serie Pedagógica
Matèries:
Etiquetes: Afegir etiqueta
Sense etiquetes, Sigues el primer a etiquetar aquest registre!

MARC

LEADER 00000nam a2200000 a 4500
001 UCS0852
003 CL-VaPUC
008 970428e19960000SP |||||||||||||||||spa|d
020 |a 8478271341 
082 0 4 |a 370.19  |b BON  |2 21 
100 0 |a Bonals, Joan  |e author  |9 384713 
245 1 3 |a El trabajo en equipo del profesorado 
300 |a 116 p 
942 |c BK 
945 |d 19970428 00:00:00  |a amoreno 
260 |a Barcelona  |b Grao  |c 1996 
650 0 |a Relaciones de trabajo  |9 384714 
650 7 |a EQUIPOS DE TRABAJO  |2 CL-VaPUC  |9 384715 
650 0 |a Docentes  |9 311365 
650 7 |a ESCUELA  |2 CL-VaPUC  |9 347989 
650 0 |a Dinámica de grupos   |9 259862 
650 7 |a TECNICAS  |2 CL-VaPUC  |9 315860 
583 |a last modification  |c 19970428 00:00:00  |k Rodrigo Vera 
490 0 |a Colección Biblioteca de Aula, 101. Serie Pedagógica 
999 |c 259000  |d 258998 
952 |0 0  |1 0  |4 0  |6 370_190000000000000_BON_1996  |7 0  |8 A  |9 283467  |a BIBEDU  |b BIBEDU  |d 2019-11-19  |i 3303217  |o 370.19 BON 1996  |p 3303217  |r 2019-11-19  |w 2019-11-19  |y BK  |k EDU 
952 |0 0  |1 0  |4 0  |6 370_190000000000000_BON_1996  |7 0  |8 A  |9 283468  |a FDOPOS  |b FDOPOS  |d 2019-11-19  |i 3308545  |o 370.19 BON 1996  |p 3308545  |r 2025-01-22  |w 2019-11-19  |y BK  |k MLA 
952 |0 0  |1 0  |4 0  |6 370_190000000000000_BON_1996  |7 0  |8 A  |9 283469  |a BIBEDU  |b BIBEDU  |d 2019-11-19  |i 3491188  |o 370.19 BON 1996  |p 3491188  |r 2019-11-19  |w 2019-11-19  |y BK  |k EDU